| 000 | 00684 a2200205 4500 | ||
|---|---|---|---|
| 999 |
_c200042476 _d34938 |
||
| 001 | 200042476 | ||
| 003 | TR-AnTOB | ||
| 005 | 20190408220105.0 | ||
| 008 | 111020s2004 tu 000 0 | ||
| 040 |
_aTR-AnTOB _cTR-AnTOB |
||
| 041 | 1 | _aeng | |
| 050 | 0 | 0 |
_aPL271.E3 _bE33 2004 |
| 090 |
_aPL271.E3 _bE33 2004 |
||
| 245 | 0 | 0 |
_aEda : _bAn anthology of contemporary Turkish poetry / _cedited, with an introduction by Murat Nemet-Nejat ; preface by Talât Sait Halman. |
| 264 | 1 |
_ajersey City, N.J. : _bTalisman House, _c2004. |
|
| 300 |
_aiv, 367 p. ; _c23 cm. |
||
| 650 | 0 |
_aTurkish poetry _y20th century _vTranslations into English _976643 |
|
| 700 | 1 |
_aNemet-Nejat, Murat _976642 |
|
| 942 |
_cBK _2lcc |
||